01344 a2200181 45000010006000000050017000060080041000230030015000640400040000790800072001192450046001910200018002372640038002553000024002935050688003171000026010058560131010312167520260407155507.0260407a2005 arg spa dAR-UNSa-BCEJYS aAR-UNSa-BCEJYSbspacAR-UNSa-BCEJYS a336.225xMétodo de tributación y administración de impuestos 10aAcciones y recursos en materia tributaria a987-592-028-2 1aBuenos Aires :bLexis Nexisc2005 axxi, 505 p.c22 cm. a1. La potestad tributaria y el orden constitucional - 2. El control judicial de constitucionalidad en el proceso tributario - 3.El proceso tributario y el marco constitucional - 4. El tribunal fiscal de la nación - 5. Juicio de educación fiscal - 6. Acción de amparo - 7. La acción declarativa - 8. Acción de repetición - 9. Igualdad de las partes de la relación procesal tributaria y vicisitudes del principio - 10. Procedimiento penal tributario - 11. Jurisdicción y competencia de la corte suprema - 12. Acciones y recursos en jurisdicción provincial - 13. La privatización de la función en el estado desertor - 14. Juicio por jurados en materia tributaria. 1 aSpisso, Rodolfo Roque41uhttps://biblioeco.unsa.edu.ar/pmb/images/libros/Acciones y Recursoso en Marteria Tributaria.jpgyImagen de portadaqimage/jpeg